| 000 | 00775nam a2200253 a 4500 | ||
|---|---|---|---|
| 001 | BRCA_5289 | ||
| 005 | 20190320205022.0 | ||
| 008 | 021210s1976----enka######---#000-0#eng-# | ||
| 020 | _a0571048692 | ||
| 041 | _aeng | ||
| 044 | _aenk | ||
| 050 | 4 |
_aNK4085 _b.P63 1976 |
|
| 245 | 1 | 0 |
_aPocket Book of British Ceramic Marks _bincluding index to registered designs 1842-83 _ccompiled by J. P. Cushion. |
| 250 | _a3 | ||
| 260 |
_aLondres _bFaber and Faber _c1976 |
||
| 300 |
_a431 p. _bil. _c17 cm. |
||
| 500 | _aIncluye índice alfabético | ||
| 500 | _aDonación Dr. Héctor Rivero Borrell Vázquez | ||
| 650 | 1 | 4 |
_aCerámica _zGran Bretaña _913557 |
| 650 | 1 | 4 |
_aCerámica _xMarcas _913558 |
| 700 | 1 |
_aCushion, J. P. _ecompilador _913559 |
|
| 902 | _aDHR | ||
| 942 |
_2lcc _cB |
||
| 999 |
_c4983 _d4983 |
||